MARC

LEADER 00000nam0a2200000 4500
001 357485
005 20231102011009.0
035 |a (RuTPU)RU\TPU\retro\14753 
090 |a 357485 
100 |a 20200805d1971 m y0rusy50 ca 
101 0 |a rus 
102 |a RU 
105 |a a j 001zy 
200 1 |a Топографическое черчение  |e учебное пособие для студентов негеодезических вузов  |f В. М. Елизаров, Б. И. Большанин  |g Томский политехнический институт 
210 |a Томск  |c Изд-во Томского ун-та  |d 1971 
215 |a 35, [15] с.  |c ил. 
320 |a Библиогр.: с. 35 
606 1 |a Топографическое черчение  |2 stltpush  |3 (RuTPU)RU\TPU\subj\60983  |9 78200 
610 1 |a чертежные инструменты 
610 1 |a чертежи 
610 1 |a оформление 
610 1 |a исправления 
610 1 |a шрифты 
610 1 |a вычерчивание 
610 1 |a условные знаки 
610 1 |a топографические планы 
610 1 |a топографические карты 
610 1 |a задания 
610 1 |a методические указания 
610 1 |a учебные пособия 
610 1 |a коллекция ТПУ 
675 |a 528.42(075.8)  |v 4 
700 1 |a Елизаров  |b В. М.  |g Владимир Михайлович 
701 1 |a Большанин  |b Б. И.  |g Борис Иванович 
712 0 2 |a Томский политехнический институт  |c (1944-1991)  |2 stltpush  |3 (RuTPU)RU\TPU\col\1123  |9 23521 
801 1 |a RU  |b 63413507  |c 20200805 
801 2 |a RU  |b 63413507  |c 20200806  |g RCR 
942 |c BK